| 000 | 00716cab a2200217 4500 | ||
|---|---|---|---|
| 001 | WB3145-46 | ||
| 008 | 090401t1995 xxu||||| |||| 00| 0 eng d | ||
| 035 | _a(Sirsi) u40854 | ||
| 041 | _aeng | ||
| 245 | _aChange your ways, surveyors told | ||
| 260 | _c1995 | ||
| 350 | _a0 | ||
| 490 |
_aProperty Week _v30 November 1995, 19(1) |
||
| 520 | _aSurveying firms are warned they need to change their attitude and performance in order to avoid becoming sub-contractors to facilities management firms. | ||
| 650 | _aCONSULTANCY ROLE | ||
| 650 |
_aFACILITIES MANAGEMENT _96240 |
||
| 650 | _aSURVEYING FIRMS | ||
| 690 | _aMANAGEMENT-BUSINESS MANAGEMENT-PROFESSIONAL PRACTICE | ||
| 942 | _n0 | ||
| 948 | _c04/03/1997 | ||
| 999 |
_c26188 _d26188 |
||